000
00233nam a2200085Ia 4500
005
20250523150954.0
008
250523s9999 xx 000 0 und d
245
0
_a
Suna nın Serçeleri Gökkuş Diz
_c
Gülten Dayıoğlu
260
_b
ALTIN
999
_c
11936
_d
11936